000
00266nam a2200109Ia 4500
008
240625s9999 xx 000 0 und d
041
_a
eng
082
_a
332.64 SCH
100
_a
SCHOFIELD NEIL C
245
_a
COMMODITY DERIVATIVES MARKETS AND APPLIC
260
_c
2014
999
_c
38251
_d
38251